Are Those Celebrities Related? Quiz Stats

 Plays Quiz Updated Feb 26, 2020

Support Sporcle.
Go Orange.
Score 0/16 Timer 04:00
2 Plays Today
Hint Answer % Correct
Emilio Estevez:
>A) Breckin Meyer, or B) Charlie Sheen?
???
92.6%
Liv Tyler:
>A) Aisha Tyler, or B) Steven Tyler?
???
92.1%
Jon Voight:
>A) Angelina Jolie, or B) Jennifer Aniston?
???
91.5%
Goldie Hawn:
>A) Anna Faris, or B) Kate Hudson?
???
90.5%
John Cusack:
>A) Jim Belushi, or B) Joan Cusack?
???
89.7%
Francis Ford Coppola:
>A) Nicolas Cage, or B) Ryan Gosling?
???
88.9%
Mary-Kate & Ashley Olsen:
>A) Elizabeth Olsen, or B) Susan Olsen?
???
87.5%
Rita Wilson:
>A) Owen Wilson, or B) Tom Hanks?
???
85.8%
Hint Answer % Correct
Ron Howard:
>A) Bryce Dallas Howard, or B) Terrence Howard?
???
83.8%
Quincy Jones:
>A) Lolo Jones, or B) Rashida Jones?
???
83%
Ryan Reynolds:
>A) Blake Lively, or B) Jessica Biel?
???
82%
Julia Roberts:
>A) Doris Roberts, or B) Emma Roberts?
???
81.4%
Blythe Danner:
>A) Gwyneth Paltrow, or B) Uma Thurman?
???
80.3%
Warren Beatty:
>A) Barbra Streisand, or B) Shirley MacLaine?
???
79.7%
Megan Mullally:
A) Eric McCormack, or B) Nick Offerman?
???
73.4%
Ray J:
>A) Brandy, or B) Monica?
???
69.3%

From the Vault

Bowl Games: Real or Fake?

by amk16

Sports 5m
Does a cereal bowl count?
Remove Ads.
Support Sporcle.
Get the best of Sporcle when you Go Orange. This ad-free experience offers more features, more stats, and more fun while also helping to support Sporcle. Thank you for becoming a member.

Show Comments

Extras

Top Quizzes Today


Score Distribution

Your Account Isn't Verified!

In order to create a playlist on Sporcle, you need to verify the email address you used during registration. Go to your Sporcle Settings to finish the process.

Report this User

Report this user for behavior that violates our Community Guidelines.

Details: